Statistiken für Kölner Rheinbrücken (mit Karte)

Klicken Sie hier um das Quiz zu spielen!

Allgemein

  • Dieses Quiz wurde 156 mal gespielt
  • Das Durchschnittsergebnis liegt bei 6 aus 8

Antworten auf der Karte

Die Antworten werden auf der Karte rot bzw. grün angezeigt, abhängig davon wie oft sie richtig erraten wurden.
 

Antwortstatistiken

RheinkilometerBrückeFertigstellungVerkehrsmittel% Korrekt
688,48Hohenzollernbrücke1911🚆🚶‍♂️
95%
687,28Deutzer Brücke1948🚗🚶‍♂️🚋
93%
690,16Zoobrücke1966🚗🚶‍♂️
88%
691,95Mülheimer Brücke1951🚗🚶‍♂️🚋
77%
687,28Severinsbrücke1959🚗🚶‍♂️🚋
77%
683,37Rodenkirchener Brücke1954🚗🚶‍♂️
76%
685,71Südbrücke1910🚆🚶‍♂️
70%
701,45Leverkusener Autobahnbrücke1965🚗🚶‍♂️
69%

Verteilung der Resultate

Perzentil nach korrekt beantworteten Fragen

Anzahl Personen mit jedem Resultat

Ihre Resultats-Entwicklung

Sie haben dieses Quiz noch nicht gespielt